000
00236nam a2200097Ia 4500
008
240331s9999 xx 000 0 und d
082
_b
LIB
100
_a
CSR. ed
245
4
_a
The liberation of the village :
_b
Logos Vol.15,Nos.3
942
_c
L
999
_c
2232
_d
2232